000 00663nam a2200217Ia 4500
005 20230427113352.0
008 131103s9999 xx 000 0 und d
020 _a188877755 9
040 _aLoreto College
041 _aEnglish
082 _a614.8803
_bWEB
245 4 _aThe New international Webster's pocket medical and first aid dictionary of the english language
260 _a[s.l.]
_bTrident Press
_c1998
300 _a318 p.
504 _aFirst published in 1997
630 _aMedical Science - Emergency Surgery - First aid
650 _aTrident Press International
651 _aMedical Science - Dictionary
850 _aLCLIB
942 _cBK
999 _c2733
_d53212